000 00456nam a2200181Ia 4500
008 151018s9999 xx 000 0 und d
082 _bRBASDV18744
_a891.463
100 _aबाबा कदम
245 _aभालू
250 _b3
260 _bशशिदीप
_c1985
300 _a210
600 _aबाबा कदम
630 _aभालू
700 _aबाबा कदम
730 _aभालू
942 _cBOOK
999 _c1019392
_d1019389